Giáo trình kỹ thuật truyền hình /
Nội dung cuốn " Giáo trình kỹ thuật truyền hình " được biên soạn:
Na minha lista:
| Autor principal: | |
|---|---|
| Outros Autores: | |
| Formato: | Livro |
| Idioma: | Vietnamese |
| Publicado em: |
H. :
Khoa học và kỹ thuật ,
2004
|
| Edição: | In lần thứ 1 |
| Assuntos: | |
| Tags: |
Adicionar Tag
Sem tags, seja o primeiro a adicionar uma tag!
|
| Thư viện lưu trữ: | Thư viện Trường CĐ Kỹ Thuật Cao Thắng |
|---|
| LEADER | 01717nam a2200385 a 4500 | ||
|---|---|---|---|
| 001 | TVCDKTCT4593 | ||
| 003 | Thư viện trường Cao đẳng Kỹ thuật Cao Thắng | ||
| 005 | 20060303000000 | ||
| 008 | 060303 | ||
| 980 | \ | \ | |a Thư viện Trường CĐ Kỹ Thuật Cao Thắng |
| 024 | |a RG_1 #1 eb0 i1 i5 | ||
| 041 | 0 | # | |a vie |
| 082 | # | # | |a 621.388 / |b Đ450T-gi |
| 100 | 1 | # | |a Đỗ Hoàng Tiến |
| 245 | 0 | 0 | |a Giáo trình kỹ thuật truyền hình / |c Đỗ Hoàng Tiến, Dương Thanh Phương |
| 250 | # | # | |a In lần thứ 1 |
| 260 | # | # | |a H. : |b Khoa học và kỹ thuật , |c 2004 |
| 300 | # | # | |a 369tr. ; |c 27cm |
| 520 | # | # | |a Nội dung cuốn " Giáo trình kỹ thuật truyền hình " được biên soạn: |
| 520 | # | # | |a Phần I: Cơ sở kỹ thuật truyền hình. |
| 520 | # | # | |a Chương 1: Ánh sáng và màu sắc |
| 520 | # | # | |a Chương 2: Nguyên lý truyền hình |
| 520 | # | # | |a Phần II: Kỹ thuật truyền hình màu |
| 520 | # | # | |a Chương 3: Nguyên lý truyền hình màu |
| 520 | # | # | |a Chương 4: Các hệ truyền hình màu |
| 520 | # | # | |a Phần III: Truyền hình kỹ thuật số |
| 520 | # | # | |a Chương 5: Số hóa tín hiệu truyền hình |
| 520 | # | # | |a Chương 6: Kỹ thuật nén Video số |
| 520 | # | # | |a Chương 7: Truyền dẫn tín hiệu truyền hình số. |
| 650 | # | 4 | |a Kỹ nghệ viễn thông |
| 650 | # | 4 | |a Truyền hình |
| 650 | # | 4 | |a Truyền hình màu |
| 650 | # | 4 | |a Truyền hình kỹ thuật số |
| 650 | # | 4 | |a Giáo trình |
| 700 | 0 | # | |a Dương Thanh Phương |